|
|
|
|
| LEADER |
00817nab a2200193 i 4500 |
| 001 |
misc8936 |
| 005 |
20191106143635.0 |
| 008 |
170607s1912 hu o 0|| hun d |
| 022 |
|
|
|a 0025-0260
|
| 040 |
|
|
|a SZTE Miscellanea Repozitórium
|b hun
|
| 041 |
|
|
|a hun
|
| 100 |
1 |
|
|a Loisch János
|
| 245 |
1 |
0 |
|a J. G. Sprengel
|h [elektronikus dokumentum] :
|b Die neuere deutsche Dichtung in der Schule. Frankfurt 1911. : [könyvismertetés] /
|c Loisch János
|
| 260 |
|
|
|c 1912
|
| 300 |
|
|
|a 97-101
|
| 490 |
0 |
|
|a Magyar pedagógia : a Magyar Tudományos Akadémia Pedagógiai Bizottságának folyóirata
|v 21
|
| 695 |
|
|
|a Irodalom tanítása középiskola, Németország, Német költészet, Irodalom tanítása
|
| 700 |
0 |
1 |
|a Sprengel Johann Georg
|
| 856 |
4 |
0 |
|u http://misc.bibl.u-szeged.hu/8936/1/mp_1912_1742_097-101.pdf
|z Dokumentum-elérés
|